000 00439nam a2200145Ia 4500
003 OSt
005 20260124090441.0
008 211028s2017 xx 000 0 und d
040 _cAIMIT LIBRARY
041 _aeng
100 _aPinto, Crystal Anisha;Thomas, Babu.
_g1516031
_97607
245 _aDiagnostic survey of the organisational culture at silk winds international /
260 _aMangalore
_bDr Babu Thomas.
_c2017
942 _2ddc
_cBK
999 _c219175
_d219175